| 000 | 01478nam0a2200361 4500 | ||
|---|---|---|---|
| 001 | RU\NLR\BIBL_A\022708766 | ||
| 005 | 20260401102320.0 | ||
| 010 |
_a978-5-7572-0587-8 _91000 |
||
| 021 |
_aRU _bКН-П-25-073999 _9КН-П-25-7169 |
||
| 035 | _a(NLR Aleph) 022708766 | ||
| 090 |
_a13649882 _c13649882 |
||
| 100 | _a20260126d2025 k y0rusy50 ca | ||
| 101 | 1 |
_arus _ceng |
|
| 102 | _aRU | ||
| 105 | _ay z 001zy | ||
| 181 | 0 |
_ai4 _baxxe |
|
| 182 | 0 | _an | |
| 200 | 1 |
_aПрактикум психоаналитической работы, ограниченной по времени _eсовременный кляйнианский подход _fРоберт Васка _g[перевод: Александр Шутков] |
|
| 203 |
_aТекст _bвизуальный _cнепосредственный |
||
| 210 |
_aУльяновск _cПечатный двор _d2025 |
||
| 215 |
_a508 с. _d19 |
||
| 225 | 1 | _aЭкзистенциальная лаборатория | |
| 300 | _aНа 4-й с. обл. авт.: Р. Васка - психоаналитик | ||
| 320 | _aБиблиогр.: с. 469-483 и в тексте | ||
| 320 | _aПредм. указ.: с. 485-508 | ||
| 606 | 1 |
_aПсихоаналитическая терапия _92284799 _3RU\NLR\AUTH\661368691 |
|
| 686 | 1 | _aЮ91(0)6-736 | |
| 686 | 1 | _aР357.19 | |
| 700 | 1 |
_aВаска _bР. _gРоберт |
|
| 942 | _cBOOK | ||
| 980 | _aNB | ||